CHILDREN OF THE ALLEY (Record no. 216673)

MARC details
000 -LEADER
fixed length control field 00428nam a22001457a 4500
008 - FIXED-LENGTH DATA ELEMENTS--GENERAL INFORMATION
fixed length control field 260225b |||||||| |||| 00| 0 eng d
020 ## - INTERNATIONAL STANDARD BOOK NUMBER
International Standard Book Number 978-1035907311
100 ## - MAIN ENTRY--PERSONAL NAME
Personal name MAHFOUZ, NAQUIB
245 ## - TITLE STATEMENT
Title CHILDREN OF THE ALLEY
260 ## - PUBLICATION, DISTRIBUTION, ETC.
Place of publication, distribution, etc. LONDON
Name of publisher, distributor, etc. CPI GROUP
Date of publication, distribution, etc. 1996
300 ## - PHYSICAL DESCRIPTION
Extent XIII, 553P.
650 ## - SUBJECT ADDED ENTRY
Topical term or geographic name entry element 1. ARABIC FICTION - TRANSLATED INTO ENGLISH 2. EGYPT - SOCIAL LIFE AND CUSTOMS
942 ## - ADDED ENTRY ELEMENTS (KOHA)
Source of classification or shelving scheme Library of Congress Classification
Koha item type Long Loan Book
Holdings
Withdrawn status Lost status Source of classification or shelving scheme Damaged status Not for loan Collection Home library Current library Shelving location Date acquired Inventory number Total checkouts Full call number Barcode Date last seen Copy number Price effective from Koha item type
    Library of Congress Classification     Fiction & Motivational Kisii University Library Kisii University Library Fiction 02/25/2026 111192   PJ 7846 .A46A8513 1996 A001208 02/25/2026 1 02/25/2026 Long Loan Book
    Library of Congress Classification     Fiction & Motivational Kisii University Library Kisii University Library Fiction 02/25/2026 111193   PJ 7846 .A46A8513 1996 A001201 02/25/2026 2 02/25/2026 Long Loan Book
    Library of Congress Classification     Fiction & Motivational Kisii University Library Kisii University Library Fiction 02/25/2026 111194   PJ 7846 .A46A8513 1996 a001235 02/25/2026 3 02/25/2026 Long Loan Book
    Library of Congress Classification     Fiction & Motivational Kisii University Library Kisii University Library Fiction 02/25/2026 111195   PJ 7846 .A46A8513 1996 A001202 02/25/2026 4 02/25/2026 Long Loan Book